| 000 | 00448nam a2200181Ia 4500 | ||
|---|---|---|---|
| 008 | 170918s9999 xx 000 0 und d | ||
| 020 | _a9781848771949 | ||
| 050 | _bV157ho 2010 | ||
| 100 | _aValentino, Serena | ||
| 245 | _aHow to be a werewolf / | ||
| 245 | _cby Serena Valentino. | ||
| 260 | _aUSA : | ||
| 260 | _bTemplar Publishing, | ||
| 260 | _c2010 | ||
| 300 | _a144 pages : | ||
| 300 | _bcolored illustrations ; | ||
| 300 | _c20cm. | ||
| 999 |
_c343887 _d343887 |
||